Carregant...
International business
| Autor principal: | |
|---|---|
| Format: | Printed Book |
| Publicat: |
New Delhi
Tata McGraw-Hill
2009
|
| Edició: | 3rd. |
| Matèries: |
| LEADER | 00522nam a22001577a 4500 | ||
|---|---|---|---|
| 020 | |a 9780070221642 | ||
| 082 | |a 658.18 |b ASW/I | ||
| 100 | |a Aswanthappa, K | ||
| 245 | |a International business | ||
| 250 | |a 3rd. | ||
| 260 | |a New Delhi |b Tata McGraw-Hill |c 2009 | ||
| 300 | |a 680p. | ||
| 650 | |a International business enterprises | ||
| 942 | |c BK | ||
| 999 | |c 40933 |d 40933 | ||
| 952 | |0 0 |1 0 |4 0 |6 658_180000000000000_ASWI |7 0 |8 Stack |9 44086 |a KUCL |b KUCL |c Stack |d 2016-07-26 |g 325.00 |l 4 |m 1 |o 658.18 ASW/I |p 42161 |r 2019-06-15 |s 2019-05-08 |w 2016-07-26 |y BK | ||